Представление документа в формате RUSMARC

ПолеНазваниеЗначение
  Тип записи a
  Библиографический уровень a
001 Контрольный номер RU/CBS_UL/BASE/665065815
005 Дата корректировки 20240209175257.1
100 Данные общей обработки __
a Данные общей обработки 20210127d2021 ||| 0rusy0189 ca
101 Язык документа 0_
a Язык текста rus
102 Страна публикации __
a Страна публикации RU
105 Кодированные данные (монография) __
a Кодированные данные (монография) y###||||000|y
181 Поле кодированных данных: вид содержания _1
a Код вида содержания (ISBD) i#
b Код характеристики содержания (ISBD) #xxe##
d i
g x
h x
i e
2 Код системы (источник кода, отличный от ISBD) isbdcontent
182 Поле кодированных данных: тип средства _1
a Код типа средства (ISBD) n
2 Код системы (источник кода, отличный от ISBD) isbdmedia
200 Заглавие и сведения об ответственности 1_
a Заглавие Хаски и компания!
b Общее обозначение материала Текст
e Сведения, относящиеся к заглавию [гонки на собачьих упряжках]
f Первые сведения об ответственности Е. Филиппов
w Текст (визуальный) : непосредственный
203 Вид содержания и тип средства __
a Вид содержания Текст
b Характеристика содержания визуальный
c Тип средства непосредственный
333 Примечание о целевом назначении __
a Примечание о целевом назначении 6+
461 Уровень набора _0
1 2000
a Наш Филиппок
463 Уровень физической единицы _0
1 001RU/CBS_UL/BASE/664809426
1 2000
a № 12
v С. 42-45 : фото
1 210
d 2020
606 Тематические рубрики 0_
a Основная рубрика Ездовые собаки
610 Ключевые слова 0_
a Ключевые слова собаки
a Ключевые слова ездовые собаки
a Ключевые слова собаки ездовые
a Ключевые слова породы ездовых собак
a Ключевые слова гонки на собачьих упряжках
a Ключевые слова маламуты
a Ключевые слова хаски
a Ключевые слова гренландские эскимосы
a Ключевые слова самоеды
a Ключевые слова еврохаунды
a Ключевые слова собачьи упряжки
a Ключевые слова упряжки собачьи
686 Индексы других классификаций __
a Классификационный индекс 46.73
2 Код системы rubbk
700 Автор _1
a Фамилия Филиппов
b Имя (инициалы) Е.
801 Источник записи _0
a Страна RU
b Организация МБУК ЦБС г. Ульяновска
c Дата составления 20210127
g Правила каталогизации RCR
801 Источник записи _1
a Страна RU
b Организация МБУК ЦБС г. Ульяновска
c Дата составления 20210127
g Правила каталогизации RCR
901 Тип документа __
t Тип документа b
w Контрольный № источника RU/CBS_UL/BASE/664809426
910 Корректоры записи __
a Корректор записи Библиотека 2
938 Служебная информация __
a Имя БД period